[Event "GBR-ch73"]
[Site "Southampton"]
[Date "1986.08.06"]
[Round "9"]
[White "Martin, Andrew D"]
[Black "Crawley, Gavin"]
[Result "1-0"]
[WhiteElo "2370"]
[BlackElo "2345"]
[PlyCount "64"]
[EventDate "1986.07.28"]
[EventType "swiss"]
[EventRounds "11"]
[EventCountry "GBR"]
[SourceTitle "BritBase"]
[Source "John Saunders"]
[SourceDate "2020.09.07"]
[SourceVersion "1"]
[SourceVersionDate "2020.09.07"]
[SourceQuality "2"]

1. d4 Nf6 2. c4 g6 3. Nc3 Bg7 4. e4 d6 5. Nge2 O-O 6. Ng3 c6 7. Be2 a6 8. Be3
b5 9. cxb5 cxb5 10. O-O Nbd7 11. Qb3 h5 12. Rfd1 Rb8 13. e5 Ng4 14. Bxg4 hxg4
15. e6 Nf6 16. exf7+ Rxf7 17. Nce4 Nxe4 18. Nxe4 d5 19. Nc5 Bf6 20. Bf4 Rb6 21.
Rac1 Bh4 22. Bg3 Bg5 23. Rc2 Rc6 24. Re2 Bf5 25. Rde1 Rf8 26. Re5 Rxc5 27. dxc5
e6 28. Rxe6 Bxe6 29. Rxe6 Kh7 30. Qd3 Rf5 31. Rxa6 Bh4 32. Ra7+ Kh6 1-0

[Event "GBR-ch73"]
[Site "Southampton"]
[Date "1986.08.06"]
[Round "9"]
[White "McDonald, Neil R"]
[Black "Flear, Glenn C"]
[Result "1/2-1/2"]
[WhiteElo "2495"]
[BlackElo "2505"]
[PlyCount "47"]
[EventDate "1986.07.28"]
[EventType "swiss"]
[EventRounds "11"]
[EventCountry "GBR"]
[SourceTitle "BritBase"]
[Source "John Saunders"]
[SourceDate "2020.09.07"]
[SourceVersion "1"]
[SourceVersionDate "2020.09.07"]
[SourceQuality "2"]

1. Nf3 Nf6 2. g3 d5 3. Bg2 c6 4. O-O Bg4 5. c4 Nbd7 6. cxd5 cxd5 7. Qb3 Qb6 8.
Qxb6 Nxb6 9. Nc3 Bxf3 10. Bxf3 e6 11. d3 Bc5 12. Bf4 Ke7 13. Rfc1 Nbd7 14. e4
e5 15. Bg5 d4 16. Bxf6+ Nxf6 17. Nd5+ Kd6 18. Nxf6 gxf6 19. Bh5 Rhf8 20. Rc2
Rac8 21. f4 Bb6 22. Rac1 Rxc2 23. Rxc2 a5 24. Rf2 1/2-1/2

[Event "GBR-ch73"]
[Site "Southampton"]
[Date "1986.08.06"]
[Round "9"]
[White "Nicholson, John G"]
[Black "Roe, Simon J"]
[Result "0-1"]
[WhiteElo "2295"]
[BlackElo "2230"]
[PlyCount "74"]
[EventDate "1986.07.28"]
[EventType "swiss"]
[EventRounds "11"]
[EventCountry "GBR"]
[SourceTitle "BritBase"]
[Source "John Saunders"]
[SourceDate "2020.09.07"]
[SourceVersion "1"]
[SourceVersionDate "2020.09.07"]
[SourceQuality "2"]

1. e4 e5 2. Nf3 Nc6 3. Bb5 a6 4. Ba4 Nf6 5. O-O Be7 6. Re1 b5 7. Bb3 O-O 8. a4
Bb7 9. d3 d6 10. Nc3 Na5 11. Ba2 b4 12. Ne2 c5 13. Ng3 Bc8 14. h3 Rb8 15. Nd2
Be6 16. Nc4 Nc6 17. f4 exf4 18. Bxf4 Qd7 19. Kh2 Rfe8 20. c3 Rb7 21. a5 Rb5 22.
d4 cxd4 23. cxd4 d5 24. Nb6 Qd8 25. Rc1 g5 26. Bxg5 Nxe4 27. Nxe4 dxe4 28. d5
Nxa5 29. dxe6 b3 30. Rc8 Qd6+ 31. Kh1 Rxc8 32. Qxd6 Bxd6 33. Nxc8 Rxg5 34. Bb1
Nc4 35. Rxe4 Rd5 36. Rg4+ Kf8 37. Bxh7 Rd1# 0-1

[Event "GBR-ch73"]
[Site "Southampton"]
[Date "1986.08.06"]
[Round "9"]
[White "Pritchett, Craig William"]
[Black "Basman, Michael John"]
[Result "0-1"]
[WhiteElo "2400"]
[BlackElo "2395"]
[PlyCount "76"]
[EventDate "1986.07.28"]
[EventType "swiss"]
[EventRounds "11"]
[EventCountry "GBR"]
[SourceTitle "BritBase"]
[Source "John Saunders"]
[SourceDate "2020.09.07"]
[SourceVersion "1"]
[SourceVersionDate "2020.09.07"]
[SourceQuality "2"]

1. e4 g5 2. d4 Bg7 3. Nc3 c5 4. d5 h6 5. h4 gxh4 6. Nf3 d6 7. Nxh4 Nd7 8. Nf5
Bxc3+ 9. bxc3 Ne5 10. Bb5+ Kf8 11. Be2 Qa5 12. Kf1 Bxf5 13. exf5 Nf6 14. Rxh6
Kg7 15. Rxh8 Rxh8 16. Kg1 Qxc3 17. Rb1 Ne4 18. Bh5 Qd4 19. Be3 Qxd1+ 20. Bxd1
Nc3 21. Ra1 Nxd5 22. Bc1 b5 23. Bb2 f6 24. Rb1 b4 25. Be2 Nf4 26. Bf1 Rh5 27.
Bxe5 fxe5 28. g4 Rg5 29. f3 Kf6 30. a3 a5 31. axb4 axb4 32. Bc4 d5 33. Bf1 Rg8
34. Ra1 Rb8 35. Ra6+ Kg5 36. Ra7 c4 37. Rxe7 b3 38. cxb3 cxb3 {time} 0-1

[Event "GBR-ch73"]
[Site "Southampton"]
[Date "1986.08.06"]
[Round "9"]
[White "Quillan, Gary"]
[Black "Arkell, Keith C"]
[Result "1-0"]
[WhiteElo "2010"]
[BlackElo "2350"]
[PlyCount "99"]
[EventDate "1986.07.28"]
[EventType "swiss"]
[EventRounds "11"]
[EventCountry "GBR"]
[SourceTitle "BritBase"]
[Source "John Saunders"]
[SourceDate "2020.09.07"]
[SourceVersion "1"]
[SourceVersionDate "2020.09.07"]
[SourceQuality "2"]

1. e4 c6 2. d4 d5 3. exd5 cxd5 4. c4 Nf6 5. Nc3 g6 6. Qb3 Bg7 7. cxd5 O-O 8.
Be2 Nbd7 9. Bf3 Nb6 10. Bg5 a5 11. Bxf6 Bxf6 12. Nge2 Bf5 13. Qd1 Nc4 14. b3
Nb2 15. Qd2 Nd3+ 16. Kf1 Nb4 17. a3 Na6 18. g4 Bd7 19. h4 e5 20. dxe6 Bxe6 21.
h5 Bg5 22. Qd3 Nc5 23. Qb5 Nxb3 24. Ne4 Be7 25. d5 Nxa1 26. dxe6 fxe6 27. hxg6
hxg6 28. Qe5 Bf6 29. Qxe6+ Kg7 30. Nf4 Ra6 31. Qxa6 bxa6 32. Ne6+ Kg8 33. Nxd8
Bxd8 34. Kg2 Nc2 35. Nc5 Re8 36. Bd5+ Kg7 37. Ne6+ Kf6 38. g5+ Ke5 39. Rd1 Bb6
40. f4+ Kf5 41. Rb1 Bd4 42. Rc1 Ne3+ 43. Kf3 Bb2 44. Bb3 Rxe6 45. Rc5+ Re5 46.
fxe5 Bd4 47. Rxa5 Kxg5 48. e6+ Kf6 49. Ke4 Bc3 50. Rc5 1-0

[Event "GBR-ch73"]
[Site "Southampton"]
[Date "1986.08.06"]
[Round "9"]
[White "Rahman, Ziaur"]
[Black "Ravikumar, Vaidyanathan"]
[Result "0-1"]
[WhiteElo "2305"]
[BlackElo "2345"]
[PlyCount "114"]
[EventDate "1986.07.28"]
[EventType "swiss"]
[EventRounds "11"]
[EventCountry "GBR"]
[SourceTitle "BritBase"]
[Source "John Saunders"]
[SourceDate "2020.09.07"]
[SourceVersion "1"]
[SourceVersionDate "2020.09.07"]
[SourceQuality "2"]

1. e4 c5 2. Nf3 e6 3. d4 cxd4 4. Nxd4 Nf6 5. Nc3 d6 6. Be2 Be7 7. O-O O-O 8. f4
a6 9. a4 Qc7 10. Be3 Nc6 11. Nxc6 bxc6 12. g4 d5 13. g5 Nd7 14. Bd3 g6 15. exd5
exd5 16. h4 Bb7 17. Qg4 c5 18. h5 d4 19. hxg6 hxg6 20. Rf2 Kg7 21. Bd2 Rh8 22.
Be4 Rh5 23. f5 Ne5 24. f6+ Kg8 25. Qg2 dxc3 26. Bxb7 cxd2 27. Bxa8 Bf8 28. Rxd2
c4 29. Kf1 c3 30. bxc3 Nc4 31. Rd3 Qf4+ 32. Qf2 Qxg5 33. Re1 Bc5 34. Rd8+ Kh7
35. Ree8 Qc1+ 36. Re1 Bxf2 37. Rxc1 Rf5 38. Ke2 Rxf6 39. Rf1 Bh4 40. Rd4 Re6+
41. Kd3 Nb2+ 42. Kd2 Bg5+ 43. Rff4 Rf6 44. Ke3 Rxf4 45. Rxf4 Nxa4 46. c4 Nc5
47. Kf3 Bxf4 48. Kxf4 a5 49. Ke3 a4 50. Kd2 f5 51. Kc1 g5 52. Kb2 Kg6 53. Ka3
Kf6 54. Kb4 Ke5 55. Bf3 Kd6 56. Kc3 g4 57. Bd1 a3 0-1

[Event "GBR-ch73"]
[Site "Southampton"]
[Date "1986.08.06"]
[Round "9"]
[White "Rossiter, Philip"]
[Black "Barber, Haydn J"]
[Result "0-1"]
[WhiteElo "2230"]
[BlackElo "2320"]
[PlyCount "106"]
[EventDate "1986.07.28"]
[EventType "swiss"]
[EventRounds "11"]
[EventCountry "GBR"]
[SourceTitle "BritBase"]
[Source "John Saunders"]
[SourceDate "2020.09.07"]
[SourceVersion "1"]
[SourceVersionDate "2020.09.07"]
[SourceQuality "2"]

1. d4 f5 2. Nf3 Nf6 3. Bf4 d6 4. e3 e6 5. Bc4 Be7 6. Ng5 Nd5 7. h4 Bf6 8. Bxd5
exd5 9. Qf3 Qe7 10. Qxd5 Nc6 11. c3 Bd7 12. Nd2 h6 13. Ngf3 g6 14. O-O-O O-O-O
15. Rde1 g5 16. Bg3 Rdg8 17. Qb3 Nd8 18. h5 Kb8 19. d5 Qf7 20. Nd4 f4 21. Bh2
Be5 22. Ne4 Re8 23. c4 fxe3 24. Qxe3 Bxh2 25. Rxh2 Rxe4 26. Qxe4 Re8 27. Ne6
Nxe6 28. Rhh1 Nf4 29. Qf3 Rxe1+ 30. Rxe1 Qxh5 31. Qxh5 Nxh5 32. Re7 Bc8 33. Kd2
Nf4 34. g3 Ng6 35. Rh7 Ne5 36. b3 g4 37. Rxh6 b6 38. Rh8 Kb7 39. Rf8 Bd7 40.
Kc3 a5 41. a3 b5 42. Rg8 a4 43. c5 dxc5 44. bxa4 Nc4 45. Rg7 Bf5 46. a5 Nxa5
47. d6 Kc6 48. Rf7 Bd7 49. dxc7 Kxc7 50. f4 gxf3 51. g4 Nc6 52. g5 Ne5 53. Kd2
Nxf7 0-1

[Event "GBR-ch73"]
[Site "Southampton"]
[Date "1986.08.06"]
[Round "9"]
[White "Thipsay, Praveen Mahadeo"]
[Black "Watson, William N"]
[Result "1/2-1/2"]
[WhiteElo "2375"]
[BlackElo "2495"]
[PlyCount "20"]
[EventDate "1986.07.28"]
[EventType "swiss"]
[EventRounds "11"]
[EventCountry "GBR"]
[SourceTitle "BritBase"]
[Source "John Saunders"]
[SourceDate "2020.09.07"]
[SourceVersion "1"]
[SourceVersionDate "2020.09.07"]
[SourceQuality "2"]

1. e4 c5 2. Nf3 d6 3. d4 cxd4 4. Nxd4 Nf6 5. Nc3 g6 6. Be2 Bg7 7. O-O O-O 8.
Nb3 a6 9. a4 Nbd7 10. f4 Qc7 1/2-1/2

[Event "GBR-ch73"]
[Site "Southampton"]
[Date "1986.08.06"]
[Round "9"]
[White "Thomas, Ian L"]
[Black "Conquest, Stuart"]
[Result "0-1"]
[WhiteElo "2350"]
[BlackElo "2430"]
[PlyCount "80"]
[EventDate "1986.07.28"]
[EventType "swiss"]
[EventRounds "11"]
[EventCountry "GBR"]
[SourceTitle "BritBase"]
[Source "John Saunders"]
[SourceDate "2020.09.07"]
[SourceVersion "1"]
[SourceVersionDate "2020.09.07"]
[SourceQuality "2"]

1. e4 c5 2. d4 cxd4 3. c3 dxc3 4. Nxc3 Nc6 5. Nf3 e6 6. Bc4 a6 7. O-O b5 8. Bb3
Nge7 9. Qe2 Ng6 10. Rd1 Be7 11. Be3 O-O 12. Rac1 Bb7 13. Ne1 Na5 14. Bc2 Nc4
15. Nd3 Rc8 16. Bb3 f5 17. Bd4 Kh8 18. f3 Qe8 19. exf5 Rxf5 20. Ne4 e5 21. Ng3
Rg5 22. Be3 Nxe3 23. Qxe3 Bc6 24. Ne4 Rf5 25. Ndf2 Nf4 26. g3 d5 27. gxf4 dxe4
28. fxe4 Rxf4 29. Bd5 Bd7 30. Kh1 Qf8 31. Nd3 Rf3 32. Rxc8 Bxc8 33. Qe2 Bd6 34.
Rg1 Bh3 35. a3 Bf1 36. Rxf1 Rxf1+ 37. Kg2 Rf6 38. b4 Bc7 39. h3 Bb6 40. Bb7 Bd4
0-1

[Event "GBR-ch73"]
[Site "Southampton"]
[Date "1986.08.06"]
[Round "9"]
[White "Ward, Christopher"]
[Black "Wicker, Kevin J"]
[Result "1-0"]
[WhiteElo "2315"]
[BlackElo "2305"]
[PlyCount "79"]
[EventDate "1986.07.28"]
[EventType "swiss"]
[EventRounds "11"]
[EventCountry "GBR"]
[SourceTitle "BritBase"]
[Source "John Saunders"]
[SourceDate "2020.09.07"]
[SourceVersion "1"]
[SourceVersionDate "2020.09.07"]
[SourceQuality "2"]

1. d4 c5 2. d5 d6 3. c4 e5 4. Nc3 g6 5. h4 Nf6 6. g3 h6 7. e4 Bg7 8. Bh3 Nbd7
9. Kf1 O-O 10. Kg2 Nh5 11. Qd3 a6 12. a4 b6 13. Nge2 Ra7 14. f3 Ndf6 15. Bxc8
Qxc8 16. g4 Nxg4 17. fxg4 Qxg4+ 18. Kf1 f5 19. Ke1 f4 20. Qh3 Qxh3 21. Rxh3 a5
22. Kf2 Bf6 23. Nb5 Rd7 24. Bd2 Bd8 25. Rg1 Rf6 26. Kf3 Rg7 27. Be1 Be7 28.
Nec3 Bf8 29. Nd1 Rff7 30. Nf2 Kh7 31. Ng4 Rg8 32. Bc3 Nf6 33. Nxf6+ Rxf6 34.
Nc7 Rf7 35. Ne6 Be7 36. Be1 Bf6 37. h5 g5 38. Kg4 Be7 39. Rb3 Bd8 40. Rf1 1-0

[Event "GBR-ch73"]
[Site "Southampton"]
[Date "1986.08.06"]
[Round "9"]
[White "Yeo, Michael J"]
[Black "Walker, David"]
[Result "1/2-1/2"]
[WhiteElo "2240"]
[BlackElo "2255"]
[PlyCount "43"]
[EventDate "1986.07.28"]
[EventType "swiss"]
[EventRounds "11"]
[EventCountry "GBR"]
[SourceTitle "BritBase"]
[Source "John Saunders"]
[SourceDate "2020.09.07"]
[SourceVersion "1"]
[SourceVersionDate "2020.09.07"]
[SourceQuality "2"]

1. e4 e6 2. d4 d5 3. Nc3 Bb4 4. Nge2 dxe4 5. a3 Bxc3+ 6. Nxc3 Nc6 7. Bb5 Nge7
8. Bg5 f6 9. Be3 O-O 10. Qd2 f5 11. O-O-O a6 12. Bxc6 Nxc6 13. Bf4 e5 14. dxe5
Qxd2+ 15. Rxd2 Be6 16. f3 exf3 17. gxf3 Rad8 18. Rhd1 Rxd2 19. Rxd2 Rd8 20.
Rxd8+ Nxd8 21. Be3 Nc6 22. f4 1/2-1/2

[Event "GBR-ch73"]
[Site "Southampton"]
[Date "1986.08.07"]
[Round "10"]
[White "Arkell, Keith C"]
[Black "Allen, Keith"]
[Result "1-0"]
[WhiteElo "2350"]
[BlackElo "2225"]
[PlyCount "77"]
[EventDate "1986.07.28"]
[EventType "swiss"]
[EventRounds "11"]
[EventCountry "GBR"]
[SourceTitle "BritBase"]
[Source "John Saunders"]
[SourceDate "2020.09.07"]
[SourceVersion "1"]
[SourceVersionDate "2020.09.07"]
[SourceQuality "2"]

1. d4 Nf6 2. c4 g6 3. Nc3 d5 4. Nf3 Bg7 5. Bg5 Ne4 6. cxd5 Nxg5 7. Nxg5 e6 8.
Nf3 exd5 9. g3 O-O 10. Bg2 c6 11. O-O Nd7 12. b4 a6 13. a4 Nb6 14. e3 Qd6 15.
b5 axb5 16. axb5 Bf5 17. bxc6 bxc6 18. Na4 Nc4 19. Nh4 Be6 20. Qc2 Bf6 21. Nf3
Bf5 22. Qe2 Rab8 23. Rfc1 Rb4 24. Nd2 Nb2 25. Nxb2 Rxb2 26. Nc4 Rxe2 27. Nxd6
Bd7 28. Ra7 Rd8 29. Nb7 Rb8 30. Na5 Be6 31. Nxc6 Rbb2 32. Rf1 Rec2 33. Ra8+ Kg7
34. Rb8 Rxb8 35. Nxb8 Be7 36. Ra1 Bd6 37. Na6 Kf6 38. h4 h5 39. Bf3 {time} 1-0

[Event "GBR-ch73"]
[Site "Southampton"]
[Date "1986.08.07"]
[Round "10"]
[White "Barber, Haydn J"]
[Black "Hebden, Mark L"]
[Result "1/2-1/2"]
[WhiteElo "2320"]
[BlackElo "2440"]
[PlyCount "53"]
[EventDate "1986.07.28"]
[EventType "swiss"]
[EventRounds "11"]
[EventCountry "GBR"]
[SourceTitle "BritBase"]
[Source "John Saunders"]
[SourceDate "2020.09.07"]
[SourceVersion "1"]
[SourceVersionDate "2020.09.07"]
[SourceQuality "2"]

1. e4 e5 2. Nf3 Nc6 3. Bb5 a6 4. Bxc6 dxc6 5. O-O Bd6 6. d4 exd4 7. Qxd4 f6 8.
b3 Qe7 9. Bb2 Nh6 10. Nbd2 O-O 11. Nc4 Bc5 12. Qd3 Bg4 13. Bd4 Bxd4 14. Nxd4
Rad8 15. Ne3 Kh8 16. Nxg4 Nxg4 17. Rad1 c5 18. Nf5 Qe5 19. Qg3 Rxd1 20. Rxd1
Qxe4 21. h3 Qxf5 22. Qxg4 Qxc2 23. Rd7 Rg8 24. Rxc7 Qb1+ 25. Kh2 Qxa2 26. Qe6
h6 27. Rc8 1/2-1/2

[Event "GBR-ch73"]
[Site "Southampton"]
[Date "1986.08.07"]
[Round "10"]
[White "Basman, Michael John"]
[Black "Prasad, Devaki"]
[Result "1-0"]
[WhiteElo "2395"]
[BlackElo "2410"]
[PlyCount "173"]
[EventDate "1986.07.28"]
[EventType "swiss"]
[EventRounds "11"]
[EventCountry "GBR"]
[SourceTitle "BritBase"]
[Source "John Saunders"]
[SourceDate "2020.09.07"]
[SourceVersion "1"]
[SourceVersionDate "2020.09.07"]
[SourceQuality "2"]

1. e4 c5 2. Nc3 Nc6 3. g3 g6 4. Bg2 Bg7 5. Nge2 d6 6. d3 Nf6 7. O-O O-O 8. Rb1
Rb8 9. a3 b6 10. h3 Bb7 11. Be3 Nd7 12. g4 a6 13. f4 Nd4 14. f5 e6 15. Qd2 exf5
16. gxf5 Nxe2+ 17. Nxe2 Ne5 18. Bg5 f6 19. Be3 d5 20. exd5 Bxd5 21. Nf4 Bf7 22.
b4 cxb4 23. Rxb4 Re8 24. Rd4 Qe7 25. fxg6 Nxg6 26. Re4 Qxa3 27. Nh5 Rxe4 28.
Bxe4 Qd6 29. Qf2 Re8 30. Bxb6 Re6 31. Bd4 Ne5 32. Nf4 Nf3+ 33. Bxf3 Qxf4 34.
Bg4 Qxf2+ 35. Bxf2 Rc6 36. c4 a5 37. Bf5 Bf8 38. Be4 Rc8 39. Bd4 Bc5 40. Bxc5
Rxc5 41. Rxf6 Kg7 42. Ra6 Bxc4 43. dxc4 Rxc4 44. Ra7+ Kf6 45. Bxh7 a4 46. Kg2
Kg5 47. Ra5+ Kh6 48. Bf5 Rb4 49. Bg4 Rb2+ 50. Kg3 Rb3+ 51. Kh4 a3 52. Ra6+ Kg7
53. Kg5 Rb7 54. h4 a2 55. Rxa2 Kh7 56. Bf5+ Kg7 57. h5 Rb8 58. h6+ Kh8 59. Re2
Rg8+ 60. Bg6 Rb8 61. Re7 Rd8 62. Bf5 Rg8+ 63. Kh5 Rb8 64. Rf7 Re8 65. Kg5 Rg8+
66. Kf6 Rb8 67. Re7 Rf8+ 68. Kg5 Rg8+ 69. Kh5 Rb8 70. Be6 Rb5+ 71. Kg4 Rg5+ 72.
Kf4 Rb5 73. Ra7 Rb8 74. Bf5 Rf8 75. Kg5 Rg8+ 76. Kf4 Rb8 77. Rd7 Re8 78. Bg6
Rf8+ 79. Ke5 Rb8 80. Kf5 Ra8 81. Ke6 Rb8 82. Kf6 Rb6+ 83. Kg5 Rb8 84. Bf7 Ra8
85. Re7 Rb8 86. Kg6 Rf8 87. Rd7 1-0

[Event "GBR-ch73"]
[Site "Southampton"]
[Date "1986.08.07"]
[Round "10"]
[White "Chandler, Murray G"]
[Black "Findlay, Ian T"]
[Result "1-0"]
[WhiteElo "2565"]
[BlackElo "2375"]
[PlyCount "93"]
[EventDate "1986.07.28"]
[EventType "swiss"]
[EventRounds "11"]
[EventCountry "GBR"]
[SourceTitle "BritBase"]
[Source "John Saunders"]
[SourceDate "2020.09.07"]
[SourceVersion "1"]
[SourceVersionDate "2020.09.07"]
[SourceQuality "2"]

1. e4 c5 2. Nf3 d6 3. d4 cxd4 4. Nxd4 Nf6 5. Nc3 g6 6. Bc4 Bg7 7. Be3 O-O 8.
O-O a6 9. Bb3 Nc6 10. h3 Qc7 11. Re1 Na5 12. Bg5 e6 13. Qd2 b5 14. Rad1 Nc4 15.
Bxc4 bxc4 16. Bh6 Rb8 17. Bxg7 Kxg7 18. b3 Bb7 19. Re3 cxb3 20. cxb3 Rfd8 21.
Qb2 d5 22. exd5 Bxd5 23. Nf5+ exf5 24. Nxd5 Qc6 25. Red3 Re8 26. Nf4 Kg8 27.
Nd5 Nxd5 28. Rxd5 Rbc8 29. b4 Qc2 30. R5d2 Qxb2 31. Rxb2 Rc4 32. Rd6 Re1+ 33.
Kh2 f4 34. g4 fxg3+ 35. fxg3 Ree4 36. a3 Re6 37. Rxe6 fxe6 38. a4 Kf7 39. b5
axb5 40. axb5 Rc7 41. b6 Rb7 42. Kg2 Kf6 43. Rb5 Ke7 44. Kf3 Kd6 45. Ke4 Kc6
46. Rb1 Rxb6 47. Rxb6+ 1-0

[Event "GBR-ch73"]
[Site "Southampton"]
[Date "1986.08.07"]
[Round "10"]
[White "Chin, Francis"]
[Black "Depasquale, Chris"]
[Result "1/2-1/2"]
[WhiteElo "2075"]
[BlackElo "2305"]
[PlyCount "91"]
[EventDate "1986.07.28"]
[EventType "swiss"]
[EventRounds "11"]
[EventCountry "GBR"]
[SourceTitle "BritBase"]
[Source "John Saunders"]
[SourceDate "2020.09.07"]
[SourceVersion "1"]
[SourceVersionDate "2020.09.07"]
[SourceQuality "2"]

1. d4 f5 2. g3 Nf6 3. Bg2 g6 4. c4 Bg7 5. Nc3 O-O 6. Nf3 d6 7. O-O c6 8. d5 Qa5
9. Nd4 Qc5 10. dxc6 Nxc6 11. Nxc6 bxc6 12. b3 Bd7 13. Bb2 f4 14. Ne4 Nxe4 15.
Bxg7 Nxf2 16. Qd4 Qxd4 17. Bxd4 fxg3 18. hxg3 Nh3+ 19. Bxh3 Bxh3 20. Rxf8+ Kxf8
21. Kf2 h5 22. Ke3 Kf7 23. Bc3 Ke6 24. Rh1 Bf5 25. Rc1 Rf8 26. Rf1 Rf7 27. b4
a6 28. a3 g5 29. Be1 Rh7 30. Rh1 d5 31. Kd4 Be4 32. Rh2 Kf5 33. cxd5 cxd5 34.
Kc5 Kg4 35. a4 h4 36. gxh4 gxh4 37. b5 axb5 38. axb5 h3 39. b6 e5 40. Kd6 Bg2
41. Kxe5 Rh8 42. Bf2 Rf8 43. Bc5 Rb8 44. Kd6 Kg3 45. Kc7 Rxb6 46. Rxh3+ 1/2-1/2

[Event "GBR-ch73"]
[Site "Southampton"]
[Date "1986.08.07"]
[Round "10"]
[White "Conquest, Stuart"]
[Black "Levitt, Jonathan"]
[Result "1-0"]
[WhiteElo "2430"]
[BlackElo "2455"]
[PlyCount "81"]
[EventDate "1986.07.28"]
[EventType "swiss"]
[EventRounds "11"]
[EventCountry "GBR"]
[SourceTitle "BritBase"]
[Source "John Saunders"]
[SourceDate "2020.09.07"]
[SourceVersion "1"]
[SourceVersionDate "2020.09.07"]
[SourceQuality "2"]

1. Nf3 Nf6 2. c4 e6 3. g3 b6 4. Bg2 Bb7 5. O-O Be7 6. b3 O-O 7. Bb2 c5 8. e3
Nc6 9. Qe2 d5 10. d3 Qd7 11. Rd1 Rfd8 12. Nbd2 Rac8 13. Rac1 a6 14. d4 cxd4 15.
Nxd4 Nxd4 16. Bxd4 b5 17. Nf3 Ba3 18. Rb1 Qe7 19. cxb5 axb5 20. Qxb5 Ne4 21.
Nd2 Nd6 22. Qd3 Nf5 23. Bb2 Bb4 24. Nf3 Ra8 25. Nd4 Nh6 26. a4 Ba6 27. Nc6 Qf8
28. Qd4 Bc5 29. Qxg7+ Qxg7 30. Bxg7 Kxg7 31. Nxd8 Rxd8 32. b4 Bf8 33. b5 Bc8
34. a5 Nf5 35. a6 Nd6 36. Bf1 Ne4 37. Rdc1 Nd2 38. Rb2 Nxf1 39. Rxf1 Bc5 40.
Rc2 Ba7 41. Rc7 1-0

[Event "GBR-ch73"]
[Site "Southampton"]
[Date "1986.08.07"]
[Round "10"]
[White "Crawley, Gavin"]
[Black "Quillan, Gary"]
[Result "1/2-1/2"]
[WhiteElo "2345"]
[BlackElo "2010"]
[PlyCount "70"]
[EventDate "1986.07.28"]
[EventType "swiss"]
[EventRounds "11"]
[EventCountry "GBR"]
[SourceTitle "BritBase"]
[Source "John Saunders"]
[SourceDate "2020.09.07"]
[SourceVersion "1"]
[SourceVersionDate "2020.09.07"]
[SourceQuality "2"]

1. e4 e6 2. d4 d5 3. Nd2 Nf6 4. Bd3 c5 5. c3 Nc6 6. Ngf3 cxd4 7. cxd4 Be7 8. a3
dxe4 9. Nxe4 O-O 10. Qc2 g6 11. Be3 Nd5 12. Bh6 Qa5+ 13. Kf1 Ndb4 14. Qd1 Nxd3
15. Qxd3 Rd8 16. h4 b6 17. Qe3 Bb7 18. Bg5 Qf5 19. g4 Ba6+ 20. Ke1 Qa5+ 21. Qd2
Nxd4 22. Nxd4 Rxd4 23. Qxa5 Rxe4+ 24. Kd2 Re2+ 25. Kc3 Rc8+ 26. Kb3 Bc4+ 27.
Kc3 bxa5 28. Bxe7 Bd5+ 29. Kd3 Rcc2 30. Rhe1 Rcd2+ 31. Kc3 Rxf2 32. g5 Rxb2 33.
Rab1 Rfc2+ 34. Kd3 Rxb1 35. Rxb1 Rc8 1/2-1/2

[Event "GBR-ch73"]
[Site "Southampton"]
[Date "1986.08.07"]
[Round "10"]
[White "Dunnington, Angus J"]
[Black "Yeo, Michael J"]
[Result "1-0"]
[WhiteElo "2280"]
[BlackElo "2240"]
[PlyCount "81"]
[EventDate "1986.07.28"]
[EventType "swiss"]
[EventRounds "11"]
[EventCountry "GBR"]
[SourceTitle "BritBase"]
[Source "John Saunders"]
[SourceDate "2020.09.07"]
[SourceVersion "1"]
[SourceVersionDate "2020.09.07"]
[SourceQuality "2"]

1. Nf3 Nc6 2. d4 d5 3. c4 Bg4 4. Nc3 e6 5. cxd5 exd5 6. Bg5 Be7 7. Bxe7 Ngxe7
8. e3 O-O 9. Be2 Qd6 10. O-O a6 11. Rc1 Rfd8 12. a3 Qh6 13. Ne5 Bxe2 14. Nxe2
Nxe5 15. dxe5 Rac8 16. b4 Nc6 17. f4 f6 18. exf6 Qxf6 19. Qb3 Kh8 20. Rcd1 Ne7
21. Nd4 Nf5 22. Nf3 Qb6 23. Rfe1 c6 24. Qd3 Rf8 25. Kh1 Rce8 26. e4 dxe4 27.
Rxe4 Rd8 28. Qe2 Rxd1+ 29. Qxd1 h6 30. Ne5 Ra8 31. Re2 Ne3 32. Qd3 Nd5 33. Nf7+
Kg8 34. Nxh6+ gxh6 35. Qg6+ Kf8 36. Qxh6+ Kf7 37. Qe6+ Kf8 38. Qf5+ Kg7 39. Re6
Nxf4 40. Re7+ Kg8 41. Qf7+ 1-0

[Event "GBR-ch73"]
[Site "Southampton"]
[Date "1986.08.07"]
[Round "10"]
[White "Flear, Glenn C"]
[Black "Lawton, Geoffrey W"]
[Result "1-0"]
[WhiteElo "2505"]
[BlackElo "2365"]
[PlyCount "159"]
[EventDate "1986.07.28"]
[EventType "swiss"]
[EventRounds "11"]
[EventCountry "GBR"]
[SourceTitle "BritBase"]
[Source "John Saunders"]
[SourceDate "2020.09.07"]
[SourceVersion "1"]
[SourceVersionDate "2020.09.07"]
[SourceQuality "2"]

1. d4 Nf6 2. c4 g6 3. Nc3 Bg7 4. e4 d6 5. Nge2 O-O 6. Ng3 c6 7. Be2 a6 8. a4 a5
9. O-O e5 10. Be3 Nbd7 11. Qc2 Ne8 12. Rad1 Nc7 13. dxe5 dxe5 14. Bb6 Nxb6 15.
Rxd8 Rxd8 16. Rd1 Re8 17. Bd3 Nd7 18. Nce2 Bh6 19. Qc3 Ne6 20. Bc2 Bg7 21. Qe3
Ndc5 22. Nf5 Bf8 23. Nh6+ Kg7 24. Ng4 Nf4 25. Nxf4 Bxg4 26. f3 exf4 27. Qd4+
Kg8 28. fxg4 Ne6 29. Qc3 Bb4 30. Qf6 Bc5+ 31. Kf1 Rad8 32. b3 Bd4 33. e5 Rd7
34. h4 Rc7 35. Bf5 Rce7 36. Bxe6 Rxe6 37. Rxd4 Rxf6 38. exf6 h6 39. Kf2 g5 40.
h5 Re6 41. Rd8+ Kh7 42. Rd7 Rxf6 43. Rxb7 Kg7 44. c5 Re6 45. Rb6 Re3 46. Rxc6
Rxb3 47. Ra6 Rc3 48. Rxa5 f5 49. gxf5 Kf6 50. Ra6+ Kxf5 51. Rxh6 Rc2+ 52. Kf1
Kg4 53. c6 Rc5 54. Kf2 Rc2+ 55. Kf1 Rc5 56. a5 Rxa5 57. c7 Rc5 58. Rh7 Kh4 59.
Ke2 Kg3 60. h6 Kxg2 61. Kd2 f3 62. Rf7 f2 63. h7 Rxc7 64. Rxf2+ Kxf2 65. h8=Q
Rd7+ 66. Kc3 Rf7 67. Qh2+ Kf1 68. Qg3 Rf2 69. Qxg5 Re2 70. Kd3 Ra2 71. Qc1+ Kg2
72. Ke3 Rf2 73. Qd1 Rb2 74. Qd5+ Kg1 75. Kf3 Rg2 76. Qd1+ Kh2 77. Qe1 Ra2 78.
Qe5+ Kg1 79. Qd4+ Kh2 80. Qh8+ 1-0